Text histories geographies : (Record no. 41332)
[ view plain ]
| 000 -LEADER | |
|---|---|
| fixed length control field | 01886nam a22003137a 4500 |
| 005 - DATE AND TIME OF LATEST TRANSACTION | |
| control field | 20100812130240.0 |
| 010 ## - LCCN (DPL NO) | |
| LC control number | ENG-99980 B-453824-828 |
| 020 ## - INTERNATIONAL STANDARD BOOK NUMBER | |
| International Standard Book Number | 8125035478 |
| Terms of availability | 595.00 |
| 020 ## - INTERNATIONAL STANDARD BOOK NUMBER | |
| International Standard Book Number | 9788125035473 |
| Terms of availability | 595.00 |
| 035 ## - SYSTEM CONTROL NUMBER | |
| System control number | EN-83512 B-453824-828 |
| 037 ## - SOURCE OF ACQUISITION | |
| Source of stock number/acquisition | DBAD/PUB |
| 037 ## - SOURCE OF ACQUISITION | |
| Source of stock number/acquisition | RBC/Ven |
| 082 ## - DEWEY DECIMAL CLASSIFICATION NUMBER | |
| Classification number | 880.9 |
| 100 ## - MAIN ENTRY--PERSONAL NAME | |
| Personal name | Raveendran, P. P. |
| 245 ## - TITLE STATEMENT | |
| Title | Text histories geographies : |
| Remainder of title | reading Indian literature / |
| Statement of responsibility, etc | by P. P. Raveendran |
| 260 ## - PUBLICATION, DISTRIBUTION, ETC. (IMPRINT) | |
| Place of publication, distribution, etc | Chennai |
| Name of publisher, distributor, etc | Orient Blackswan |
| Date of publication, distribution, etc | 2009 |
| 270 ## - ADDRESS | |
| Address | 3-6-752, Himayatnagar |
| City | Hyderabad |
| Postal code | 500029 |
| 300 ## - PHYSICAL DESCRIPTION | |
| Extent | viii,252p. |
| Dimensions | 22cm (Hb) |
| 500 ## - GENERAL NOTE | |
| General note | Includes bibliographical references and index |
| 650 ## - SUBJECT ADDED ENTRY--TOPICAL TERM | |
| Topical term or geographic name as entry element | Indic literature |
| 942 ## - ADDED ENTRY ELEMENTS (KOHA) | |
| Source of classification or shelving scheme | Dewey Decimal Classification |
| Item type | English Books |
| Classification part | 880.9 |
| Call number suffix | RAV |
| Withdrawn status | Lost status | Not for loan | Collection code | Home library | Current library | Date acquired | Source of acquisition | Cost, normal purchase price | Full call number | Barcode | Copy number | Cost, replacement price | Koha item type |
|---|---|---|---|---|---|---|---|---|---|---|---|---|---|
| Non-fiction | Central Library | Central Library | 23/02/2012 | RBC Pub/26777/20.10.2011/07/15.09.11/30.11.11 | 625.00 | 880.9 RAV | B-453824 | 1 | 625.00 | English Books | |||
| Not For Loan | Non-fiction | D.B.Act.Division | D.B.Act.Division | 12/08/2010 | DBAD/PUB | 595.00 | 880.9 RAV | EN-83512 | 1 | 595.00 | English Books | ||
| Non-fiction | Karol Bagh | Karol Bagh | 23/02/2012 | RBC Pub/26777/20.10.2011/07/15.09.11/30.11.11 | 625.00 | 880.9 RAV | B-453827 | 1 | 625.00 | English Books | |||
| Non-fiction | Patel Nagar | Patel Nagar | 23/02/2012 | RBC Pub/26777/20.10.2011/07/15.09.11/30.11.11 | 625.00 | 880.9 RAV | B-453825 | 1 | 625.00 | English Books | |||
| Non-fiction | Sarojini Nagar | Sarojini Nagar | 23/02/2012 | RBC Pub/26777/20.10.2011/07/15.09.11/30.11.11 | 625.00 | 880.9 RAV | B-453826 | 1 | 625.00 | English Books | |||
| Non-fiction | Shahdara Branch | Shahdara Branch | 23/02/2012 | RBC Pub/26777/20.10.2011/07/15.09.11/30.11.11 | 625.00 | 880.9 RAV | B-453828 | 1 | 625.00 | English Books |
